书目信息 |
| 题名: |
海洋桡足类Pseudocalanus newmani Frost的繁殖、生长、代谢及其实验生态学研究
|
|
| 作者: | 李洪武 , 金虹 , 伴修平 著 | |
| 分册: | ||
| 出版信息: | 合肥 中国科学技术大学出版社 2015 |
|
| 页数: | 126页 | |
| 开本: | 24cm | |
| 丛书名: | ||
| 单 册: | ||
| 中图分类: | Q959.223 | |
| 科图分类: | ||
| 主题词: | 桡足亚纲--海洋生物学--研究 | |
| 电子资源: | ||
| ISBN: | 978-7-312-03682-8 | |
| 000 | 01134nam0 2200253 450 | |
| 001 | 0103553064 | |
| 005 | 20150924151348.0 | |
| 010 | @a978-7-312-03682-8@dCNY48.00 | |
| 100 | @a20150710d2015 em y0chiy0120 ea | |
| 101 | 0 | @achi |
| 102 | @aCN@b340000 | |
| 105 | @aa z 000yy | |
| 106 | @ar | |
| 200 | 1 | @a海洋桡足类Pseudocalanus newmani Frost的繁殖、生长、代谢及其实验生态学研究@9Hai Yang Rao Zu Lei P s e u d o c a l a n u s n e w m a n i F r o s t De;Di Fan;Po Zhi;Shi 、 Sheng Chang;Zhang 、 Dai Xie Ji Qi;Ji Shi Yan Sheng Tai Xue Yan Jiu @f李洪武,金虹,伴修平著@b专著 |
| 210 | @a合肥@c中国科学技术大学出版社@d2015 | |
| 215 | @a126页@c图@d24cm | |
| 330 | @a本书对小型浮游动物代谢的研究开辟了新的实验方法。其中的一项成果是根据实验得出Pseudocalanus newmani Frost的净生长率在海水水温3℃时最高,这对阐述本种从亚寒带到寒带分布的生态特性提供了理论依据。 | |
| 606 | 0 | @a桡足亚纲@x海洋生物学@x研究 |
| 690 | @aQ959.223@v5 | |
| 701 | 0 | @a李洪武@f(1958~)@9li hong wu@4著 |
| 701 | 0 | @a金虹@9jin hong@c(女)@4著 |
| 701 | 0 | @c(日)@a伴修平@9ban xiu ping@4著 |
| 801 | 0 | @aCN@bAZmarc@c20230907 |
| 905 | @aBZT@dQ959@e22@f5@sQ959/22 | |
| 海洋桡足类Pseudocalanus newmani Frost的繁殖、生长、代谢及其实验生态学研究/李洪武,金虹,伴修平著.-合肥:中国科学技术大学出版社,2015 |
| 126页:图;24cm |
| ISBN 978-7-312-03682-8:CNY48.00 |
| 本书对小型浮游动物代谢的研究开辟了新的实验方法。其中的一项成果是根据实验得出Pseudocalanus newmani Frost的净生长率在海水水温3℃时最高,这对阐述本种从亚寒带到寒带分布的生态特性提供了理论依据。 |
| ● |
| 相关链接 |
|
|
|
正题名:海洋桡足类Pseudocalanus newmani Frost的繁殖、生长、代谢及其实验生态学研究
索取号:Q959/22
 
预约/预借
| 序号 | 登录号 | 条形码 | 馆藏地/架位号 | 状态 | 备注 |
| 1 | 2000003369 | 2000003369 | 旧书回溯/ [索取号:Q959/22] | 在馆 | |
| 2 | 2000003370 | 2000003370 | 旧书回溯/ [索取号:Q959/22] | 在馆 | |
| 3 | 2000003371 | 2000003371 | 旧书回溯/ [索取号:Q959/22] | 在馆 | |
| 4 | 2000003372 | 2000003372 | 旧书回溯/ [索取号:Q959/22] | 在馆 | |
| 5 | 2000003373 | 2000003373 | 旧书回溯/ [索取号:Q959/22] | 在馆 |